[Event "8th HD Bank Cup 2018"]
[Site "Hanoi VIE"]
[Date "2018.03.11"]
[Round "3.1"]
[White "Gordievsky, Dmitry"]
[Black "Santiago, Yago De Moura"]
[Result "1-0"]
[WhiteTitle "GM"]
[BlackTitle "GM"]
[WhiteElo "2630"]
[BlackElo "2473"]
[WhiteFideId "24112798"]
[BlackFideId "2103877"]
[EventDate "2018.03.10"]

1. Nf3 e6 2. g3 f5 3. Bg2 Nf6 4. O-O d5 5. c4 Bd6 6. d3 O-O 7. Nc3 dxc4 8. dxc4
Nc6 9. Nb5 e5 10. Nxd6 cxd6 11. b3 Qe7 12. Ba3 Ne4 13. e3 a5 14. Nd2 Nc5 15. Nb1
Be6 16. Nc3 Rad8 17. Qe2 e4 18. f3 exf3 19. Bxf3 Ne5 20. Bg2 Qg5 21. Rad1 Ne4
22. Bb2 Nc5 23. Rf4 Bf7 24. Qf1 Bh5 25. Rd2 Ng6 26. Rfd4 Ne4 27. Nxe4 fxe4 28.
Qe1 Bf3 29. Rd5 Qg4 30. h3 Qe6 31. Rxa5 Bxg2 32. Kxg2 Rf3 33. Kh2 Rdf8 34. Rad5
Rf1 35. Qe2 Ne5 36. Bxe5 dxe5 37. Rd8 Rf3 38. Rxf8+ Kxf8 39. Rd8+ Ke7 40. Qd2
Rxe3 41. Qxe3 Kxd8 42. Qxe4 Kc7 43. Qxh7 Qf6 44. Kg2 Qc6+ 45. Kf2 Qf6+ 46. Ke2
Kb8 47. Qe4 Ka8 48. a4 Qd6 49. Qd5 Qf6 50. a5 e4 51. Qxe4 Qb2+ 52. Kf3 Qxb3+ 53.
Kf4 Qa2 54. Qe8+ Ka7 55. Qe3+ Ka8 56. Qc3 Qf2+ 57. Kg5 Qf7 58. h4 Qf8 59. Kg6
Qe7 60. Qxg7 Qe4+ 61. Kh6 Qxc4 62. Qe5 Qc1+ 63. Kh5 Qd1+ 64. g4 Qf3 65. Qf5 Qd1
66. Kg6 Qd6+ 67. Qf6 Qd3+ 68. Kh6 Qc4 69. Kh5 Qe2 70. Qh8+ Ka7 71. Qd4+ Ka8 72.
Qf6 Qd1 73. a6 bxa6 74. Qxa6+ Kb8 75. Qf6 Ka8 76. Kh6 1-0

[Event "8th HD Bank Cup 2018"]
[Site "Hanoi VIE"]
[Date "2018.03.11"]
[Round "3.2"]
[White "Aravindh, Chithambaram VR."]
[Black "Karthikeyan, P."]
[Result "1/2-1/2"]
[WhiteTitle "GM"]
[BlackTitle "IM"]
[WhiteElo "2617"]
[BlackElo "2473"]
[WhiteFideId "5072786"]
[BlackFideId "5018226"]
[EventDate "2018.03.10"]

1. d4 Nf6 2. Bf4 d5 3. e3 c5 4. dxc5 Qa5+ 5. c3 Qxc5 6. Nf3 g6 7. a4 Bg7 8. b4
Qb6 9. Bxb8 Rxb8 10. Bb5+ Kf8 11. O-O a6 12. Be2 Bg4 13. Nbd2 e6 14. Rc1 Ke7 15.
Qb3 Ne4 16. a5 Qc7 17. Nxe4 dxe4 18. Nd4 Bxe2 19. Nxe2 Rhd8 20. Nd4 Rbc8 21. Qb1
f5 22. Nb3 Qc4 23. Nc5 Rc7 24. Na4 Rd2 25. Rcd1 Bxc3 26. Rc1 Qd3 27. Qxd3 Rxd3
28. Nc5 Rxc5 29. bxc5 Kd7 30. Rb1 Kc7 31. c6 bxc6 32. Rb6 Bxa5 33. Rxa6 Bb6 34.
Rb1 Bc5 35. g3 e5 36. Rc1 Bb6 37. Rb1 Bc5 38. Ra5 Rc3 39. Rb2 f4 40. gxf4 exf4
41. exf4 e3 42. fxe3 Bxe3+ 43. Kg2 Bxf4 44. Ra7+ Kd6 45. Rxh7 g5 46. Rf2 Rc4 47.
Kf3 Rd4 48. Rh8 c5 49. Rd8+ Ke5 50. Re2+ Kf5 51. Rf8+ Kg6 52. Re6+ Kg7 53. Ra8
Kf7 54. Rc6 Bd6 55. Rb6 Ke6 56. Rg8 Kf5 57. h3 Rd3+ 58. Ke2 Rd5 59. Rd8 Ke6 60.
Rb3 c4 61. Re3+ Re5 62. Rg8 c3 63. Rc8 Rxe3+ 64. Kxe3 Bf4+ 65. Ke4 Bd2 66. Rc6+
Kd7 67. Kd5 Ke7 68. Ke5 Bf4+ 69. Ke4 Bd2 70. Kd5 Kd7 71. Rc4 Ke7 72. Ke5 Bf4+
73. Ke4 Bd2 74. Rxc3 1/2-1/2

[Event "8th HD Bank Cup 2018"]
[Site "Hanoi VIE"]
[Date "2018.03.11"]
[Round "3.3"]
[White "Zhao, Jun"]
[Black "Harsha, Bharathakoti"]
[Result "1-0"]
[WhiteTitle "GM"]
[BlackTitle "IM"]
[WhiteElo "2599"]
[BlackElo "2443"]
[WhiteFideId "8602522"]
[BlackFideId "5078776"]
[EventDate "2018.03.10"]

1. c4 e6 2. Nc3 d5 3. d4 Bb4 4. Nf3 Nf6 5. Bg5 h6 6. Bxf6 Qxf6 7. Qb3 c5 8. cxd5
exd5 9. a3 Bxc3+ 10. Qxc3 Nd7 11. g3 O-O 12. Bg2 b6 13. O-O Ba6 14. Rfe1 Rac8
15. Rad1 Rfe8 16. e3 Bb7 17. a4 Qe7 18. Rc1 Nf6 19. Nd2 Ne4 20. Nxe4 dxe4 21.
Bf1 Kh7 22. b3 Red8 23. dxc5 Rxc5 24. Qb4 Re5 25. Qxe7 Rxe7 26. Red1 Red7 27.
Rxd7 Rxd7 28. Bb5 Re7 29. Rd1 Kg6 30. Kg2 Kf6 31. Bc4 Ke5 32. g4 Bc8 33. Kg3 Be6
34. Bxe6 fxe6 35. h4 Rf7 36. Rd4 Rf3+ 37. Kg2 Rf7 38. Rd8 Kf6 39. Kg3 Ke5 40. b4
Rc7 41. a5 bxa5 42. bxa5 a6 43. Ra8 Rc6 44. h5 Rd6 45. Ra7 Kf6 46. Kf4 Rd2 47.
Kg3 Rd6 48. Kf4 Rd2 49. Rxa6 Rxf2+ 50. Kxe4 Rg2 51. Kf3 Ra2 52. Kf4 Rf2+ 53. Ke4
Rg2 54. Kf3 Ra2 55. Ra7 Ra4 56. a6 g6 57. hxg6 Kxg6 58. Ra8 Kf6 59. a7 Kg7 60.
e4 e5 61. Ke3 Ra3+ 62. Kd2 Kh7 63. Kc2 Kg7 64. Kb2 Ra5 65. Kb3 Ra1 66. Kc4 Kh7
67. Kd5 Ra5+ 68. Ke6 Kg7 69. Kf5 Kh7 70. Kf6 1-0

[Event "8th HD Bank Cup 2018"]
[Site "Hanoi VIE"]
[Date "2018.03.11"]
[Round "3.4"]
[White "Laxman, R.R."]
[Black "Karthikeyan, Murali"]
[Result "0-1"]
[WhiteTitle "GM"]
[BlackTitle "GM"]
[WhiteElo "2457"]
[BlackElo "2592"]
[WhiteFideId "5005361"]
[BlackFideId "5074452"]
[EventDate "2018.03.10"]

1. d4 Nf6 2. Nf3 e6 3. c3 b6 4. Bf4 Bb7 5. Nbd2 Be7 6. h3 O-O 7. e3 c5 8. Be2
Nc6 9. O-O d5 10. Ne5 Qc8 11. Bb5 a6 12. Bd3 b5 13. Bg5 Qc7 14. Nxc6 Qxc6 15.
Nf3 Qc7 16. Ne5 Ne4 17. Bf4 Bd6 18. f3 f6 19. fxe4 dxe4 20. Bxb5 axb5 21. Ng4
Bxf4 22. exf4 Rfd8 23. Qb3 Qb6 24. dxc5 Qxc5+ 25. Kh1 Bd5 26. Qc2 h5 27. Nf2 e3
28. Nd3 Qc4 29. Nb4 Be4 0-1

[Event "8th HD Bank Cup 2018"]
[Site "Hanoi VIE"]
[Date "2018.03.11"]
[Round "3.5"]
[White "Nguyen, Anh Khoi"]
[Black "Bogdanovich, Stanislav"]
[Result "0-1"]
[WhiteTitle "IM"]
[BlackTitle "GM"]
[WhiteElo "2435"]
[BlackElo "2560"]
[WhiteFideId "12404675"]
[BlackFideId "14115298"]
[EventDate "2018.03.10"]

1. d4 d6 2. c4 e5 3. Nc3 Nd7 4. Nf3 Ngf6 5. Bg5 h6 6. Bh4 g5 7. dxe5 dxe5 8. Bg3
e4 9. Nd4 Bb4 10. Qb3 Qe7 11. a3 Nc5 12. Qxb4 a5 13. Qb5+ Bd7 14. Nf5 Qf8 15.
Nd6+ cxd6 16. Qb6 Ra6 17. Qc7 Rc6 18. Qxa5 Nb3 19. Qa8+ Rc8 20. Qxb7 Nxa1 21.
Nb5 e3 22. Nxd6+ Qxd6 23. Bxd6 Rxc4 24. fxe3 Ne4 25. Qb8+ Rc8 26. Rg1 Rxb8 27.
Bxb8 O-O 0-1

[Event "8th HD Bank Cup 2018"]
[Site "Hanoi VIE"]
[Date "2018.03.11"]
[Round "3.6"]
[White "Pichot, Alan"]
[Black "Tran, Minh Thang"]
[Result "1-0"]
[WhiteTitle "GM"]
[BlackTitle "IM"]
[WhiteElo "2558"]
[BlackElo "2366"]
[WhiteFideId "110973"]
[BlackFideId "12401080"]
[EventDate "2018.03.10"]

1. e4 c5 2. Nf3 e6 3. d4 cxd4 4. Nxd4 a6 5. c4 Nf6 6. Nc3 Bb4 7. Qd3 Nc6 8. Nxc6
bxc6 9. a3 Bxc3+ 10. Qxc3 d5 11. e5 d4 12. Qg3 Nd7 13. Qxg7 Qa5+ 14. b4 Qxe5+
15. Qxe5 Nxe5 16. c5 Ng6 17. g3 e5 18. Bg2 Kd7 19. O-O f5 20. Rd1 Kc7 21. f4 Be6
22. fxe5 Rad8 23. Bg5 Rd7 24. Rd2 Re8 25. h4 Bc4 26. Re1 d3 27. Bf6 h5 28. Bh3
Rd5 29. e6 f4 30. Re4 Bb5 31. gxf4 Ne7 32. Be5+ Kb7 33. f5 Rg8+ 34. Kh2 Rf8 35.
f6 Ng6 36. e7 1-0

[Event "8th HD Bank Cup 2018"]
[Site "Hanoi VIE"]
[Date "2018.03.11"]
[Round "3.7"]
[White "Vo, Thanh Ninh"]
[Black "Tran, Tuan Minh"]
[Result "0-1"]
[WhiteTitle "IM"]
[BlackTitle "GM"]
[WhiteElo "2370"]
[BlackElo "2522"]
[WhiteFideId "12402141"]
[BlackFideId "12401820"]
[EventDate "2018.03.10"]

1. Nf3 Nf6 2. g3 b6 3. Bg2 Bb7 4. O-O e6 5. c4 Be7 6. Nc3 O-O 7. d4 Ne4 8. Qc2
Nxc3 9. Qxc3 c5 10. Be3 d6 11. Rfd1 Qc7 12. Rac1 Nc6 13. a3 e5 14. dxe5 dxe5 15.
Nxe5 Bf6 16. Bf4 Nd4 17. Bxb7 Nxe2+ 18. Kf1 Nxc3 19. Rd7 Qb8 20. Re1 Re8 21.
bxc3 g5 22. Re4 Bxe5 23. Bxe5 Rxe5 24. Bxa8 Rxe4 25. Bxe4 Qe8 26. Bc6 Qc8 27.
Ba4 Qa6 28. Bd1 Qxc4+ 29. Kg2 g4 30. h3 Qe4+ 31. Kh2 Qe1 32. hxg4 Qxf2+ 33. Kh3
Qe3 34. g5 Qxg5 35. Rxa7 Qd5 36. Ba4 Qh5+ 37. Kg2 Qe2+ 38. Kh3 b5 0-1

[Event "8th HD Bank Cup 2018"]
[Site "Hanoi VIE"]
[Date "2018.03.11"]
[Round "3.8"]
[White "Deepan, Chakkravarthy J."]
[Black "Lu, Chan Hung"]
[Result "1/2-1/2"]
[WhiteTitle "GM"]
[BlackTitle "IM"]
[WhiteElo "2520"]
[BlackElo "2181"]
[WhiteFideId "5011132"]
[BlackFideId "12402508"]
[EventDate "2018.03.10"]

1. Nf3 c5 2. g3 g6 3. Bg2 Bg7 4. O-O Nc6 5. d3 d6 6. c3 Nf6 7. e4 O-O 8. Nbd2 e5
9. a4 h6 10. Rb1 Be6 11. b4 Qd7 12. b5 Ne7 13. d4 Ne8 14. Qe2 Bh3 15. dxc5 Bxg2
16. Kxg2 dxc5 17. Nc4 Qe6 18. Rd1 b6 19. a5 f5 20. exf5 Rxf5 21. Ra1 Rb8 22.
axb6 axb6 23. g4 Rf8 24. Nfxe5 Nd5 25. Qd3 Nec7 26. Ra7 Bxe5 27. Nxe5 Qxe5 28.
Qxg6+ Kh8 29. Qxh6+ Kg8 30. Qg6+ Kh8 31. Qh6+ Kg8 32. Qg6+ Kh8 33. Qh6+ 1/2-1/2

[Event "8th HD Bank Cup 2018"]
[Site "Hanoi VIE"]
[Date "2018.03.11"]
[Round "3.9"]
[White "Le, Quang Liem"]
[Black "Llaneza Vega, Marcos"]
[Result "1-0"]
[WhiteTitle "GM"]
[BlackTitle "IM"]
[WhiteElo "2736"]
[BlackElo "2430"]
[WhiteFideId "12401137"]
[BlackFideId "2253585"]
[EventDate "2018.03.10"]

1. e4 c5 2. Nf3 Nc6 3. d4 cxd4 4. Nxd4 Nf6 5. Nc3 e5 6. Ndb5 d6 7. Bg5 a6 8. Na3
b5 9. Nd5 Be7 10. Bxf6 Bxf6 11. c4 b4 12. Nc2 Rb8 13. b3 a5 14. g3 O-O 15. Bg2
Bg5 16. O-O Be6 17. f4 exf4 18. gxf4 Bh4 19. Kh1 Rc8 20. Qd3 Bxd5 21. Qxd5 Qb6
22. Rad1 Rcd8 23. Qb5 Qc7 24. Ne3 Ne7 25. Rd3 f5 26. exf5 Rb8 27. Nd5 Qa7 28.
Nxe7+ Bxe7 29. Qd5+ Kh8 30. Re1 Bh4 31. Re2 a4 32. Bf3 Rbd8 33. Kg2 h6 34. Bh5
Qc5 35. Bg6 Qa7 36. Qe4 axb3 37. axb3 Qa1 38. Qb7 Qc1 39. Qf3 Bf6 40. Ra2 Qb1
41. Ra7 Qb2+ 42. Kh3 Bd4 43. Re7 Bc5 44. Qg2 Qa1 45. Qe2 Ra8 46. Qe1 Qb2 47. Re2
Qf6 48. Re6 Qb2 49. Qd2 Qa1 50. Re1 Qf6 51. Kg4 Ra1 52. Re6 Rg1+ 53. Rg3 Rxg3+
54. hxg3 Qc3 55. Qd1 Bf2 56. Qf3 Bc5 57. Re7 Bd4 58. Rd7 Bc5 59. Qe2 Qa1 60. Re7
Qd4 61. Re4 Qf6 62. Re8 Kg8 63. Qe4 Kh8 64. Qc6 Kg8 65. Qc8 1-0

[Event "8th HD Bank Cup 2018"]
[Site "Hanoi VIE"]
[Date "2018.03.11"]
[Round "3.10"]
[White "Li, Yankai"]
[Black "Wang, Hao"]
[Result "0-1"]
[BlackTitle "GM"]
[WhiteElo "2434"]
[BlackElo "2713"]
[WhiteFideId "8609357"]
[BlackFideId "8602883"]
[EventDate "2018.03.10"]

1. d4 Nf6 2. c4 e6 3. Nf3 Bb4+ 4. Bd2 a5 5. g3 d5 6. Bg2 dxc4 7. Qc2 Bxd2+ 8.
Qxd2 c6 9. a4 Ne4 10. Qc2 Nd6 11. Ne5 Na6 12. O-O Nb4 13. Qc3 O-O 14. Na3 Nd5
15. Qd2 Nb6 16. Rfc1 Nxa4 17. Naxc4 Nxc4 18. Nxc4 Nb6 19. Nxa5 e5 20. Nb3 Rxa1
21. Rxa1 Re8 22. e3 g6 23. dxe5 Nc4 24. Qc3 Nxe5 25. Nd4 Qf6 26. Ra8 Ng4 27. Bf3
h5 28. h4 Ne5 29. Bg2 Ng4 30. Bf3 Qe5 31. Bxg4 hxg4 32. b4 Bd7 33. Ra5 Qd6 34.
Qc5 Qxc5 35. bxc5 Kf8 36. Kf1 Re5 37. Ra8+ Ke7 38. Nb3 Be6 39. Ra7 Bc8 40. Ke2
Kd8 41. Ra5 g5 42. hxg5 Rxg5 43. Nd4 Rh5 44. e4 Re5 45. Ke3 f5 46. Nxf5 Bxf5 47.
Kf4 Rxe4+ 48. Kxf5 Rc4 49. Ra8+ Kc7 50. Re8 Rxc5+ 51. Kxg4 b5 52. Re4 Rc1 53.
Kf3 c5 54. Ke3 Rd1 55. Re7+ Kb6 56. Ke2 Rd8 57. Re6+ Ka5 58. Rc6 c4 59. f4 Rf8
60. Kf3 Kb4 61. g4 Kc3 62. Rb6 b4 63. g5 b3 64. g6 Kb2 65. Rc6 c3 66. Ke4 c2 67.
f5 c1=Q 0-1

[Event "8th HD Bank Cup 2018"]
[Site "Hanoi VIE"]
[Date "2018.03.11"]
[Round "3.11"]
[White "Pascua, Haridas"]
[Black "Mareco, Sandro"]
[Result "1/2-1/2"]
[WhiteTitle "IM"]
[BlackTitle "GM"]
[WhiteElo "2431"]
[BlackElo "2635"]
[WhiteFideId "5203953"]
[BlackFideId "112275"]
[EventDate "2018.03.10"]

1. d4 Nf6 2. c4 e6 3. Nf3 b6 4. g3 Ba6 5. b3 d5 6. Nbd2 Bd6 7. Bg2 Bb7 8. O-O
O-O 9. Qc2 Re8 10. Bb2 Na6 11. Rac1 Qe7 12. Rfd1 Rad8 13. Qb1 h6 14. Ne5 c5 15.
e3 cxd4 16. Bxd4 Ba3 17. Bb2 Bc5 18. Qa1 Ba3 19. Bxa3 Qxa3 20. cxd5 Nxd5 21.
Ndc4 Qe7 22. a3 Nc5 23. Qb1 Qc7 24. Nd3 Nxd3 25. Rxd3 b5 26. Nd2 Qe7 27. b4 Nb6
28. Bxb7 Qxb7 29. Rd1 Qc7 1/2-1/2

[Event "8th HD Bank Cup 2018"]
[Site "Hanoi VIE"]
[Date "2018.03.11"]
[Round "3.12"]
[White "Diu, Viacheslav"]
[Black "Nguyen, Ngoc Truong Son"]
[Result "1/2-1/2"]
[WhiteTitle "IM"]
[BlackTitle "GM"]
[WhiteElo "2426"]
[BlackElo "2630"]
[WhiteFideId "4167465"]
[BlackFideId "12401110"]
[EventDate "2018.03.10"]

1. e4 c6 2. d4 d5 3. exd5 cxd5 4. c4 Nf6 5. Nc3 Nc6 6. Nf3 Bg4 7. cxd5 Nxd5 8.
Qb3 Bxf3 9. gxf3 e6 10. Qxb7 Nxd4 11. Bb5+ Nxb5 12. Qc6+ Ke7 13. Qxb5 Qd7 14.
Nxd5+ Qxd5 15. Bg5+ f6 16. Qxd5 exd5 17. Be3 Ke6 18. O-O-O Bb4 19. a3 Rhc8+ 20.
Kb1 Bc5 21. Rhe1 Bxe3 22. Rxe3+ Kd6 23. Rde1 Rc4 24. Re7 Rf4 25. R1e6+ Kc5 26.
Rxg7 Rxf3 27. Rxh7 Rxf2 28. Rf7 Rb8 29. b4+ Kc4 30. Rexf6 Rxf6 31. Rxf6 Rh8 1/2-1/2

[Event "8th HD Bank Cup 2018"]
[Site "Hanoi VIE"]
[Date "2018.03.11"]
[Round "3.13"]
[White "Raghunandan, Kaumandur Srihari"]
[Black "Wen, Yang"]
[Result "1/2-1/2"]
[WhiteTitle "IM"]
[BlackTitle "GM"]
[WhiteElo "2412"]
[BlackElo "2608"]
[WhiteFideId "25004964"]
[BlackFideId "8602956"]
[EventDate "2018.03.10"]

1. d4 d6 2. e4 Nf6 3. Nc3 g6 4. Be3 a6 5. h3 Bg7 6. Nf3 b5 7. e5 Nfd7 8. Ng5 Nb6
9. Bd3 h6 10. Nf3 e6 11. O-O Bb7 12. a4 b4 13. Ne4 Nd5 14. Bd2 Nc6 15. Re1 Ra7
16. Ng3 a5 17. Qc1 Nde7 18. Bb5 Kf8 19. c3 bxc3 20. bxc3 Nb8 21. Ne4 Nd7 22.
exd6 cxd6 23. Nxd6 Bxf3 24. gxf3 Nf6 25. Qa3 Kg8 26. c4 Bf8 27. Qc5 Ra8 28. Qe5
Nc6 29. Bxc6 Bxd6 30. Qe2 Rc8 31. d5 exd5 32. cxd5 Kh7 33. Rab1 Nh5 34. Rb7 Rc7
35. Rxc7 Qxc7 36. Rb1 Bc5 37. Kg2 Nf4+ 38. Bxf4 Qxf4 39. Rb7 Rf8 40. Qc2 Bd6 41.
Qe4 Qh2+ 42. Kf1 Bb4 43. Ke2 Bc5 44. Qh4 Qg1 45. Qg3 Qc1 46. f4 Qc4+ 47. Kf3 Qf1
48. Rb5 Qh1+ 49. Ke2 Qe4+ 50. Kf1 Bd6 51. Qe3 Qxa4 52. Kg2 Qa1 53. Qe4 Qc3 54.
Qe3 Qa1 55. Qe4 Qc3 56. Qe3 Qa1 57. Qe4 a4 58. Rb1 Qf6 59. Bxa4 Bxf4 60. Bc6 Bd6
61. Rb3 Qg5+ 62. Qg4 Qf6 63. Qe4 Bc5 64. Rf3 Qg5+ 65. Qg4 Qe7 66. Qd7 Qg5+ 67.
Qg4 Qd2 68. Qf4 Qxf4 69. Rxf4 Kg7 70. Rc4 Bd6 71. Bb7 Rb8 72. Rc6 Rxb7 73. Rxd6
Rb3 74. Ra6 Rd3 75. Ra5 Kf6 76. Ra6+ Ke5 77. Ra7 f6 78. Re7+ Kf5 79. Rd7 h5 80.
Rd8 Ke5 81. Rg8 g5 82. h4 g4 83. Rh8 Kf4 84. Rxh5 Rd2 85. Rh6 f5 86. Rg6 Rxd5
87. Ra6 Rd3 88. Ra4+ Ke5 89. Ra5+ Kf6 90. Ra6+ Kf7 91. h5 Rh3 92. h6 f4 93. Ra4
f3+ 94. Kg1 Rh4 95. Ra6 Kg8 96. Rg6+ Kh7 97. Rg7+ Kxh6 98. Rg8 Kh7 99. Rg5 Kh6
100. Rg8 Kh5 101. Rg7 Rh3 102. Rh7+ Kg5 103. Rxh3 gxh3 104. Kh2 Kg4 105. Kh1 Kh4 1/2-1/2

[Event "8th HD Bank Cup 2018"]
[Site "Hanoi VIE"]
[Date "2018.03.11"]
[Round "3.14"]
[White "Rozum, Ivan"]
[Black "Shyaamnikhil, P"]
[Result "1/2-1/2"]
[WhiteTitle "GM"]
[BlackTitle "IM"]
[WhiteElo "2582"]
[BlackElo "2394"]
[WhiteFideId "24104272"]
[BlackFideId "5024218"]
[EventDate "2018.03.10"]

1. Nf3 g6 2. d4 Nf6 3. g3 Bg7 4. Bg2 d5 5. O-O O-O 6. c4 c6 7. b3 a5 8. Nc3 Ne4
9. Bb2 Bf5 10. e3 Nxc3 11. Bxc3 Be4 12. Qe2 e6 13. Rfd1 Nd7 14. Bf1 Bxf3 15.
Qxf3 f5 16. Qe2 Nf6 17. Rab1 Rf7 18. a3 Bf8 19. b4 axb4 20. axb4 g5 21. h3 Ne4
22. Be1 f4 23. exf4 gxf4 24. Bg2 Qf6 25. Rb3 Nd6 26. cxd5 exd5 27. Rf3 Bh6 28.
Bd2 Re8 29. Qf1 Re4 30. Rd3 Re6 31. Rf3 Re4 32. Rd3 Re6 33. Rf3 Re4 1/2-1/2

[Event "8th HD Bank Cup 2018"]
[Site "Hanoi VIE"]
[Date "2018.03.11"]
[Round "3.15"]
[White "Krysa, Leandro"]
[Black "Karavade, Eesha"]
[Result "1-0"]
[WhiteTitle "GM"]
[BlackTitle "IM"]
[WhiteElo "2548"]
[BlackElo "2391"]
[WhiteFideId "116807"]
[BlackFideId "5012600"]
[EventDate "2018.03.10"]

1. d4 Nf6 2. c4 e6 3. Nf3 d5 4. Nc3 Bb4 5. cxd5 exd5 6. Bg5 h6 7. Bh4 Bf5 8. e3
Nbd7 9. Rc1 c6 10. Nd2 O-O 11. Qb3 Qb6 12. Be2 Bd6 13. O-O Rfe8 14. Bg3 Bxg3 15.
hxg3 Ne4 16. Ncxe4 Bxe4 17. Rc3 Nf6 18. Rfc1 Bf5 19. Qa3 Qc7 20. b4 a6 21. Qb2
Qd6 22. a4 Rec8 23. Bd1 g6 24. Bc2 Bxc2 25. R3xc2 Re8 26. Ra1 Kg7 27. Rc5 h5 28.
b5 cxb5 29. axb5 Rh8 30. bxa6 bxa6 31. Nf3 Rhb8 32. Qc2 Rb6 33. Ne5 Ra7 34. Rc1
Nd7 35. Nxd7 Rxd7 36. Qa2 Qe6 37. Rc8 Rdd6 38. Qa4 Rb2 39. Qa3 Rbb6 40. Qc3 Qf5
41. Qc2 Qxc2 42. R8xc2 Kf6 43. Kf1 Ke6 44. Ke2 Rb3 45. Kf3 Rb5 46. Rc7 Rbb6 47.
g4 hxg4+ 48. Kxg4 Rb2 49. Kg3 Rbb6 50. Kg4 Rb2 51. Kg3 Rbb6 52. R1c2 Rb8 53. Ra7
f6 54. Kg4 Rbd8 55. Rcc7 R8d7 56. Rxd7 Rxd7 57. Rxa6+ Kf7 58. Kf4 Ke7 59. g4 Rb7
60. g5 fxg5+ 61. Kxg5 Rb2 62. Rf6 Re2 63. Kxg6 Rd2 64. Rf4 Ke6 65. Rf6+ Ke7 66.
Rf5 Kd6 67. f4 1-0

[Event "8th HD Bank Cup 2018"]
[Site "Hanoi VIE"]
[Date "2018.03.11"]
[Round "3.16"]
[White "Akshat, Khamparia"]
[Black "Xu, Yi"]
[Result "1/2-1/2"]
[WhiteTitle "IM"]
[BlackTitle "IM"]
[WhiteElo "2408"]
[BlackElo "2499"]
[WhiteFideId "5016541"]
[BlackFideId "8605564"]
[EventDate "2018.03.10"]

1. d4 Nf6 2. c4 e6 3. Nc3 Bb4 4. Qc2 d5 5. cxd5 exd5 6. Bg5 h6 7. Bh4 c5 8. dxc5
g5 9. Bg3 Ne4 10. e3 Qa5 11. Ne2 Bf5 12. Be5 O-O 13. Nd4 Re8 14. Bxb8 Nxc3 15.
Nxf5 Ne4+ 16. Kd1 Raxb8 17. f3 Rbc8 18. Nxh6+ Kg7 19. Nf5+ Kg8 20. Nh6+ Kg7 21.
Nf5+ Kg8 22. Nh6+ 1/2-1/2

[Event "8th HD Bank Cup 2018"]
[Site "Hanoi VIE"]
[Date "2018.03.11"]
[Round "3.17"]
[White "Pham, Chuong"]
[Black "Le, Tuan Minh"]
[Result "0-1"]
[WhiteTitle "IM"]
[BlackTitle "IM"]
[WhiteElo "2393"]
[BlackElo "2489"]
[WhiteFideId "12401218"]
[BlackFideId "12401153"]
[EventDate "2018.03.10"]

1. d4 e6 2. c4 Bb4+ 3. Bd2 Qe7 4. g3 f5 5. Bg2 Nf6 6. Nf3 b6 7. Ne5 c6 8. O-O
O-O 9. Bxb4 Qxb4 10. Qc2 Bb7 11. Nd2 Qe7 12. c5 Na6 13. Rac1 Rab8 14. a3 Nc7 15.
Rfe1 g6 16. e3 Ncd5 17. Rb1 Ba6 18. b4 bxc5 19. dxc5 Qg7 20. f4 g5 21. Ndc4 Bxc4
22. Qxc4 h5 23. Qd4 Rb7 24. Nc4 Rbb8 25. Nd6 Qg6 26. fxg5 Qxg5 27. e4 fxe4 28.
Nxe4 Nxe4 29. Rxe4 Rf5 30. Rf1 Rxf1+ 31. Bxf1 Rf8 32. Re5 Qg7 33. Be2 Rf4 34.
Qd3 Qxe5 35. gxf4 Nxf4 36. Qg3+ Kf8 37. Bf1 Qf6 38. Qe3 Ke7 39. Qe4 Qg5+ 40. Kh1
Qf6 41. Kg1 Kd8 42. Qe3 Qf5 43. Qg3 Qe5 44. Qf3 Qd4+ 45. Qf2 Qe4 46. Qg3 e5 47.
Qf2 Kc7 48. Qd2 Kd8 49. Qf2 Qg6+ 50. Qg3 Qe6 51. Qf2 Qb3 52. Qg3 Qd5 53. Qf2 Qd1
54. Qe3 Qa1 55. Kf2 Qb2+ 56. Kg1 Kc7 57. Qg3 Qc1 58. Kf2 a5 59. Qe3 Qb2+ 60. Kg1
axb4 61. axb4 Nd5 62. Qh6 Qd4+ 63. Kh1 Ne3 0-1

[Event "8th HD Bank Cup 2018"]
[Site "Hanoi VIE"]
[Date "2018.03.11"]
[Round "3.18"]
[White "Saduakassova, Dinara"]
[Black "Abhishek, Kelkar"]
[Result "1-0"]
[WhiteTitle "IM"]
[BlackTitle "IM"]
[WhiteElo "2479"]
[BlackElo "2370"]
[WhiteFideId "13700090"]
[BlackFideId "5019257"]
[EventDate "2018.03.10"]

1. d4 d5 2. c4 c6 3. Nf3 Nf6 4. e3 Bf5 5. Nc3 e6 6. Nh4 Bg6 7. Be2 Nbd7 8. O-O
Bd6 9. h3 Qe7 10. f4 Ne4 11. Nxg6 hxg6 12. Nxe4 dxe4 13. d5 exd5 14. cxd5 c5 15.
Bd2 g5 16. Bc3 O-O-O 17. Bg4 gxf4 18. exf4 Rhe8 19. Ba5 b6 20. Bc3 g6 21. f5 e3
22. Qa4 Kb8 23. f6 Qe4 24. Bxd7 e2 25. Rf3 c4 26. Bxe8 Rxe8 27. Qd7 Bc5+ 28. Kh1
g5 29. d6 Ka8 30. Re1 1-0

[Event "8th HD Bank Cup 2018"]
[Site "Hanoi VIE"]
[Date "2018.03.11"]
[Round "3.19"]
[White "Sharma, Dinesh K."]
[Black "Pena Gomez, Manuel"]
[Result "1/2-1/2"]
[WhiteTitle "IM"]
[BlackTitle "IM"]
[WhiteElo "2247"]
[BlackElo "2478"]
[WhiteFideId "5004110"]
[BlackFideId "2252813"]
[EventDate "2018.03.10"]

1. e4 c5 2. Nf3 e6 3. d4 cxd4 4. Nxd4 Nc6 5. Nc3 Qc7 6. f4 a6 7. Nxc6 bxc6 8.
Bd3 d5 9. Qf3 Nf6 10. O-O Bc5+ 11. Kh1 O-O 12. Bd2 Re8 13. Rae1 Bf8 14. e5 Nd7
15. Na4 c5 16. c4 Bb7 17. cxd5 Bxd5 18. Be4 Bxe4 19. Qxe4 Red8 20. Rc1 Rab8 21.
Be3 Qa5 22. b3 Nb6 23. Nxb6 Qxb6 24. Rc4 1/2-1/2

[Event "8th HD Bank Cup 2018"]
[Site "Hanoi VIE"]
[Date "2018.03.11"]
[Round "3.20"]
[White "Dao, Thien Hai"]
[Black "Gara, Ticia"]
[Result "1/2-1/2"]
[WhiteTitle "GM"]
[BlackTitle "WGM"]
[WhiteElo "2474"]
[BlackElo "2357"]
[WhiteFideId "12400084"]
[BlackFideId "717444"]
[EventDate "2018.03.10"]

1. d4 Nf6 2. c4 g6 3. Nc3 d5 4. Bg5 Bg7 5. Bxf6 Bxf6 6. cxd5 c6 7. dxc6 Bxd4 8.
cxb7 Bxb7 9. e3 Bxc3+ 10. bxc3 Qc7 11. Rc1 O-O 12. Nf3 Rd8 13. Qc2 Bxf3 14. gxf3
Nd7 15. Be2 Ne5 16. O-O Qc6 17. Kg2 Rd5 18. Qe4 Rc8 19. Rfd1 Rxd1 20. Qxc6 Rxc6
21. Bxd1 Nd3 22. Rb1 Rxc3 23. Rb7 Ra3 24. Rxe7 Rxa2 25. Bb3 Rxf2+ 26. Kg3 Rf1
27. f4 g5 28. fxg5 Kf8 29. Rxa7 Ne5 30. Bd5 Rg1+ 31. Bg2 Kg7 32. h4 h6 33. Kf2
Rc1 34. Ra5 Rc5 35. Rxc5 Nd3+ 36. Kg3 Nxc5 37. gxh6+ Kxh6 38. Kg4 Nd3 39. Bd5
Nf2+ 40. Kf3 Nd1 41. e4 Nc3 42. Bxf7 Nxe4 43. Kxe4 1/2-1/2

[Event "8th HD Bank Cup 2018"]
[Site "Hanoi VIE"]
[Date "2018.03.11"]
[Round "3.21"]
[White "Nguyen, Duc Hoa"]
[Black "Jishitha, D"]
[Result "1-0"]
[WhiteTitle "GM"]
[BlackTitle "WFM"]
[WhiteElo "2463"]
[BlackElo "2099"]
[WhiteFideId "12401358"]
[BlackFideId "35031660"]
[EventDate "2018.03.10"]

1. e4 c5 2. Nf3 e6 3. d4 cxd4 4. Nxd4 Nc6 5. Nc3 Qc7 6. f4 Nxd4 7. Qxd4 a6 8. a4
b6 9. Be3 Rb8 10. Be2 Ne7 11. O-O d5 12. Kh1 dxe4 13. Bb5+ Nc6 14. Nd5 Qd7 15.
Bxc6 Qxc6 16. Nxb6 f6 17. b4 Bb7 18. Rfd1 Be7 19. Qb2 Bd6 20. Qb3 Ke7 21. Rxd6
Kxd6 22. b5 Qe8 23. Qb4+ Kc7 24. Qc5+ Bc6 25. Rd1 Rd8 26. Rxd8 Kxd8 27. bxc6 Kc7
28. Nd7 Qa8 29. Qb6+ Kc8 30. Bc5 1-0